Focus sur: Vifsorbier - Tolkien - Statistiques

Statistiques générales
  • Ce quiz a été pris 9 fois
  • Le résultat moyen est 6 sur 9
Statistiques - réponses
Informations recherchées Réponses % Correct
Espèce Ent
100%
Contrées Fangorn
100%
Profession et titre Gardien (des sorbiers) la forêt de Fangorn
100%
Clos sylvestre d’Orthanc
80%
Ages durant lesquels il vécut Troisième/Quatrième (au moins)
80%
Autre nom Bregalad
60%
Première apparition Le Seigneur des Anneaux: Les Deux Tours
60%
Essence associée Sorbier
40%
Autre traduction du nom Primebranche
20%
Aucun quiz correspondant
Distribution des résultats
% des personnes avec chaque résultat
Percentile par nombre de réponses
Votre historique - résultats
Vous n’avez pas pris ce quiz